[Event "World op 18th"]
[Site "Philadelphia"]
[Date "1990.??.??"]
[Round "?"]
[White "Pupols, Viktors"]
[Black "Malaniuk, Vladimir P"]
[Result "1/2-1/2"]
[WhiteElo "2210"]
[BlackElo "2505"]
[Annotator "John Donaldson"]
[PlyCount "107"]
[EventDate "1990.06.??"]
[EventType "swiss"]
[EventRounds "9"]
[EventCountry "USA"]
[Source "ChessBase"]
[SourceDate "1997.11.17"]

1. d4 f5 2. Bg5 h6 3. Bh4 g5 4. Bg3 Nf6 5. e3 Bg7 6. Bd3 d6 7. c3 Nc6 8. Qc2 e6
9. Ne2 Qe7 10. Nd2 Bd7 11. b4 O-O 12. h4 Ng4 13. hxg5 hxg5 14. Bc4 b5 15. Bb3 (
15. Bd3 a5 16. Rb1 {maintained equal chances.}) 15... a5 16. a3 axb4 17. cxb4
Ra7 (17... Nxb4 18. Qxc7 Rfc8 19. Qxd6 Qxd6 20. Bxd6 Nd3+ 21. Kf1 Ndxf2 {was
good for Black.}) 18. Ra2 Nd8 19. e4 f4 20. e5 Nh6 21. exd6 cxd6 22. Bh2 Ndf7 (
22... d5 {followed by ...Nc6 was still better for Black.}) 23. Qd3 e5 $2 {This
gives up the central White squares (e4 and d5)} (23... Rfa8) 24. dxe5 dxe5 25.
Nc3 g4 26. Nd5 Qd8 27. Bg1 Bf5 28. Ne4 Rc7 29. f3 {The bishop returns to the
game and now it's White who is winning!} Rb7 ({Correctly realizing that} 29...
Rc1+ {is easily met by 30.Kd2 and the rook has to backpedal.} 30. Kd2) 30. Bc5
Kh8 31. Qe2 {White could capture on f8, but sees no compelling reason to do so.
With a clear positional advantage but a time control of 30 moves in 90 minutes
followed by sudden death in one hour, Pupols decides the initiative is the
most important factor in the game.} gxf3 32. gxf3 Re8 33. Ndc3 Be6 34. Bxe6
Rxe6 35. Rd2 Qe8 36. Bf2 Rb8 37. Rd5 Rc6 38. Nc5 Rd6 39. Qd3 Rbd8 40. Rxd6 Rxd6
41. Qxb5 {Viktors now has achieved material gain without cashing in his
positional chips.} Qa8 42. N3e4 Rd8 {[#]} 43. Bh4 $2 ({With} 43. a4 $1 {
followed by castling a few moves later Pupols could have set a new record for
the longest delay in castling. At the time this game was played the record was
46 moves in Bobotsov-Ivkov, Hoogoven 1966 (it's currently 48 moves according
to Tim Krabbe).    Of course kingside castling is more than a little drafty
and allows the knight on h6 to enter the game via f5 which might not be
pleasant for White in a mad time scramble with no increment.}) 43... Qxa3 44.
Bxd8 {This accepts that the game is going to be a draw but with} (44. O-O $1 {
White would preserve a small advantage. For example} Rg8 45. Kh1 Nf5 46. Qd7
N7h6 47. Be1 Qa2 48. Rg1 Qf7 49. Qxf7 Nxf7 50. Bc3) 44... Qc1+ 45. Kf2 Qxh1 46.
Qe8+ Kh7 47. Ne6 Qh2+ 48. Ke1 Qg1+ 49. Kd2 Qg2+ 50. Ke1 Qg1+ 51. Kd2 Qg2+ 52.
Kc1 Qf1+ 53. Kd2 Qg2+ 54. Kc1 1/2-1/2

[Event "Championship"]
[Site "Kirkland"]
[Date "2020.02.09"]
[Round "4"]
[White "Zhang, Derek"]
[Black "Perez, Ignacio"]
[Result "0-1"]
[WhiteElo "2266"]
[BlackElo "2230"]
[PlyCount "74"]
[EventDate "2020.??.??"]
[SourceDate "2020.06.27"]

1. d4 Nf6 2. c4 g6 3. Nc3 Bg7 4. e4 d6 5. h3 O-O 6. Be3 Nbd7 7. Bd3 e5 8. d5 a5
9. Qd2 a4 10. Nge2 Nc5 11. Bc2 Bd7 12. O-O-O Qb8 13. f3 Qa7 14. g4 Qa6 15. Bxc5
dxc5 16. Bd3 Ne8 17. Nb1 c6 18. Na3 cxd5 19. exd5 Nd6 20. Nc3 b5 21. Ncxb5 Bxb5
22. Nxb5 a3 23. b3 e4 24. Nc7 Qa7 25. Nxa8 exd3 26. Qxd3 Rxa8 27. Rde1 Qb6 28.
h4 Qd8 29. g5 Nf5 30. f4 Qd6 31. Re4 h5 32. Qh3 Bd4 33. Rhe1 Kg7 34. Qh2 Qb6
35. Qh3 Qb4 36. Rd1 Bf2 37. Rf1 Ng3 0-1

[Event "Championship"]
[Site "Kirkland"]
[Date "2020.02.16"]
[Round "7"]
[White "Levine, Joseph"]
[Black "Perez, Ignacio"]
[Result "1-0"]
[WhiteElo "2142"]
[BlackElo "2230"]
[PlyCount "145"]
[EventDate "2020.??.??"]
[SourceDate "2020.06.27"]

1. e4 d6 2. d4 g6 3. Nc3 Bg7 4. Nf3 Nf6 5. h3 c5 6. dxc5 Qa5 7. Bd3 Qxc5 8. Be3
Qa5 9. O-O Nbd7 10. Qd2 O-O 11. Rfb1 a6 12. a4 Qc7 13. a5 e6 14. Bd4 e5 15. Be3
Nc5 16. b4 Ne6 17. b5 Nc5 18. Bxc5 dxc5 19. bxa6 bxa6 20. Bc4 Bb7 21. Nd5 Bxd5
22. Bxd5 Nxd5 23. Qxd5 Rad8 24. Qc4 Rd6 25. Rb6 Rxb6 26. axb6 Qxb6 27. Rxa6
Qb1+ 28. Kh2 Qc1 29. g3 Kh8 30. h4 h6 31. Kg2 Qd1 32. Qxc5 Qe2 33. Qc6 f5 34.
Ra4 Kh7 35. Qc4 Qd1 36. Ra7 Qd6 37. Ra6 Qb8 38. Rc6 Qb7 39. Qd5 fxe4 40. Qxe4
Rf6 41. Rc4 Qxe4 42. Rxe4 Rc6 43. c4 Kg8 44. Kf1 Rc5 45. Ke2 Kf7 46. Nd2 Ra5
47. Re3 Bf8 48. Ne4 Ra2+ 49. Kf3 Ke6 50. Rb3 Ra6 51. Kg4 Rc6 52. Rc3 h5+ 53.
Kf3 Bb4 54. Rc2 Ra6 55. Rb2 Kf5 56. Rb3 Be7 57. Rc3 Bb4 58. Rd3 Ra2 59. c5 Rc2
60. Rd6 Rc3+ 61. Nxc3 Bxc3 62. Ra6 Bd4 63. c6 Ke6 64. c7+ Kd7 65. Rxg6 Kxc7 66.
Rh6 Kd7 67. Rxh5 Ke6 68. Rh6+ Kd5 69. Ra6 e4+ 70. Ke2 Ke5 71. h5 Kf5 72. h6 Kg5
73. h7 1-0

[Event "Championship"]
[Site "Kirkland"]
[Date "2020.02.15"]
[Round "5"]
[White "Levine, Joseph"]
[Black "Mahajan, Rushaan"]
[Result "0-1"]
[WhiteElo "2142"]
[BlackElo "2179"]
[PlyCount "109"]
[EventDate "2020.??.??"]
[SourceDate "2020.06.27"]

1. e4 c5 2. Nf3 e6 3. d3 Nc6 4. g3 Nf6 5. Bg2 d5 6. Nbd2 Be7 7. O-O b6 8. Re1
Bb7 9. e5 Nd7 10. h4 Qc7 11. Qe2 h6 12. Nf1 g5 13. hxg5 hxg5 14. Bxg5 Bxg5 15.
Nxg5 Qxe5 16. Qxe5 Ncxe5 17. f4 Ng4 18. c3 Kf8 19. d4 cxd4 20. cxd4 Rc8 21.
Rac1 Kg7 22. Bf3 Ndf6 23. Kg2 Ba6 24. Bxg4 Nxg4 25. Rxc8 Rxc8 26. Ne3 Nxe3+ 27.
Rxe3 Rc2+ 28. Kg1 Bc4 29. b3 Be2 30. a3 Bg4 31. Kf1 b5 32. Ke1 Kg6 33. Nf3 Bxf3
34. Rxf3 Kf5 35. Re3 Ra2 36. b4 a6 37. Kd1 Rg2 38. Re5+ Kg4 39. Rg5+ Kf3 40.
Rg7 Rxg3 41. Rxf7 Ke4 42. Rf6 Kd3 43. Kc1 Re3 44. f5 exf5 45. Rxf5 Kxd4 46. Kb2
Re6 47. Rh5 Kc4 48. Rh3 d4 49. Kc2 Re2+ 50. Kd1 Re3 51. Rh6 Rxa3 52. Rd6 Kd3
53. Kc1 Kc3 54. Kb1 d3 55. Rd8 {and B won in a few more moves} 0-1

[Event "Championship"]
[Site "Kirkland"]
[Date "2020.02.08"]
[Round "1"]
[White "Perez, Ignacio"]
[Black "Shubin, Daniel"]
[Result "1-0"]
[WhiteElo "2230"]
[BlackElo "2150"]
[PlyCount "45"]
[EventDate "2020.??.??"]
[SourceDate "2020.06.27"]

1. e4 e6 2. d4 d5 3. Nc3 Bb4 4. e5 c5 5. a3 Bxc3+ 6. bxc3 Ne7 7. Nf3 Nbc6 8.
Bd3 Qb6 9. dxc5 Qxc5 10. O-O Bd7 11. Rb1 Na5 12. Ng5 h6 13. Qh5 g6 14. Qh4 Qxc3
15. Nxf7 Rh7 16. Nd6+ Kd8 17. Bxg6 Rg7 18. Nf7+ Ke8 19. Bh5 Qxc2 20. Bxh6 Rg8
21. Nd6+ Kd8 22. Bg5 Rg7 23. Bf7 1-0

[Event "Championship"]
[Site "Kirkland"]
[Date "2020.02.16"]
[Round "8"]
[White "Sang, Tian"]
[Black "Levine, David"]
[Result "1-0"]
[WhiteElo "2352"]
[BlackElo "2210"]
[PlyCount "91"]
[EventDate "2020.??.??"]
[SourceDate "2020.06.27"]

1. e4 e5 2. Nf3 Nc6 3. Bc4 Nf6 4. d3 Bc5 5. c3 a6 6. Bb3 Ba7 7. O-O O-O 8. Nbd2
Re8 9. Nc4 d6 10. Be3 b5 11. Ncd2 Na5 12. Bc2 c5 13. Re1 Nc6 14. a4 Ng4 15. Bg5
f6 16. Bh4 Be6 17. axb5 axb5 18. c4 Nb4 19. h3 Nh6 20. cxb5 Bd7 21. Bb3+ Kf8
22. Bc4 Bb6 23. Rxa8 Qxa8 24. g4 g5 25. Bg3 Ng8 26. Nh2 Ne7 27. Nhf1 Kg7 28.
Ne3 Rh8 29. f3 Qe8 30. Qb3 h5 31. Kg2 Bxb5 32. Bxb5 Qxb5 33. Qe6 Bd8 34. Ndc4
Nxd3 35. Nxd6 Qxb2+ 36. Kf1 Rf8 37. Nef5+ Nxf5 38. Nxf5+ Kh8 39. Qd7 Rg8 40.
Qf7 Nf4 41. Bxf4 Qb5+ 42. Kf2 Qe8 43. Qxe8 Rxe8 44. Be3 hxg4 45. hxg4 Bb6 46.
Rb1 1-0

[Event "Premier"]
[Site "Kirkland"]
[Date "2020.02.08"]
[Round "2"]
[White "Frantz, Joseph"]
[Black "Rozenfeld, Yevgeniy"]
[Result "0-1"]
[WhiteElo "2044"]
[BlackElo "2047"]
[PlyCount "52"]
[EventDate "2020.??.??"]
[SourceDate "2020.06.27"]

1. d4 Nf6 2. c4 g6 3. Nc3 Bg7 4. e4 d6 5. f3 O-O 6. Be3 a6 7. Qd2 Nbd7 8. Nh3
c5 9. d5 Ne5 10. Nf2 Qa5 11. Be2 b5 12. f4 Nxc4 13. Bxc4 bxc4 14. O-O Rb8 15.
Rae1 Nd7 16. Re2 Nb6 17. f5 Na4 18. Nxa4 Qxa4 19. Nd1 Qxa2 20. Bh6 Bd4+ 21. Kh1
Re8 22. h4 f6 23. Rf3 Rb3 24. Rf4 Rd3 25. Qc1 Qb3 26. Rf1 Rh3+ 0-1

[Event "Premier"]
[Site "Kirkland"]
[Date "2020.02.15"]
[Round "6"]
[White "Airapetian, Chouchanik"]
[Black "Frantz, Joseph"]
[Result "1-0"]
[WhiteElo "2041"]
[BlackElo "2044"]
[Annotator "Ralph Dubisch"]
[PlyCount "99"]
[EventDate "2020.??.??"]
[SourceDate "2020.06.27"]

1. e4 e5 2. Nf3 Nc6 3. Bb5 a6 4. Ba4 Nf6 5. O-O Be7 6. Re1 b5 7. Bb3 O-O 8. c3
d6 9. h3 Nb8 10. d4 Nbd7 11. Nbd2 Bb7 12. a4 Re8 (12... c5 {is a little more
common. Two main choices on move} 13. -- (13. Bc2 Re8 ({or} 13... Qc7 14. d5 c4
15. Nf1) 14. d5 c4 15. Nf1 (15. b3 $5 cxb3 16. Nxb3 Qc7 17. Bd2 $14) 15... Bf8
16. Ng3 g6 17. Bg5 {transposes into a much more popular line, often continuing}
h6 18. Be3 Nc5 19. Qd2 $14) (13. d5 c4 14. Bc2 Nc5 15. Nf1 {with a typically
unclear Ruy Lopez/Spanish position.})) 13. Ng5 Rf8 14. Qe2 b4 (14... c5 {is a
normal Spanish idea.}) 15. Ngf3 c5 16. d5 Nh5 ({The loose knight on the rim
could cause some problems (see next note).} 16... a5 $14) 17. c4 $6 (17. Nc4
bxc3 (17... Nf4 18. Bxf4 exf4 19. a5 $16) 18. bxc3 a5 (18... Nf4 19. Bxf4 exf4
20. a5 $16) 19. Nfxe5 $16) 17... Nf4 18. Qf1 g5 $2 ({The kingside pawn storm
must have looked imposing at the time, but in reality White is well-positioned
to repel Black's attempt, and a little later the advanced black pawns will
help White when she is ready to open kingside lines for her own attack.} 18...
Nf6 19. g3 Ng6 $14) 19. g3 Ng6 20. Bc2 Kh8 21. Nh2 Bc8 22. Ndf3 Rg8 23. Ng4 Kg7
24. Ne3 f6 25. Nf5+ Kh8 26. Nh2 a5 27. b3 Ra6 28. Qe2 Bf8 29. Ng4 Ne7 30. Nge3
Bg7 31. Bd2 Nf8 32. Qf3 Nfg6 33. Kf1 Ra7 34. Ke2 Nxf5 35. exf5 Ne7 36. Be4 Rf8
37. Rh1 Bd7 38. Rh2 Ng8 39. Rah1 h6 {Black's lack of space and poor
coordination has allowed White complete freedom to prepare the kingside break
for the last 20 moves. Now it's time.} 40. h4 Rf7 41. Ng4 Be8 42. Qe3 Bd7 43.
hxg5 fxg5 44. Qxg5 Qxg5 45. Bxg5 Bxf5 46. Bxf5 Rxf5 47. Bxh6 Nxh6 48. Nxh6 Rf8
49. Nf5+ Kg8 50. Nxd6 1-0

[Event "Premier"]
[Site "Kirkland"]
[Date "2020.02.16"]
[Round "8"]
[White "Moroney, Timothy"]
[Black "Rupel, David"]
[Result "1-0"]
[WhiteElo "2032"]
[BlackElo "2058"]
[PlyCount "69"]
[EventDate "2020.??.??"]
[SourceDate "2020.06.27"]

1. e4 c6 2. d4 d5 3. e5 a6 4. Bd3 c5 5. c3 cxd4 6. cxd4 Nc6 7. Ne2 g6 8. Nbc3
e6 9. h4 h5 10. Bg5 Be7 11. Qd2 Kf8 12. Qf4 Kg7 13. O-O-O Nh6 14. f3 f6 15.
exf6+ Bxf6 16. g4 hxg4 17. fxg4 Nf7 18. Bxf6+ Qxf6 19. Qg3 g5 20. Rdf1 Qe7 21.
Kb1 Nb4 22. hxg5 Rxh1 23. Rxh1 Nxd3 24. Qxd3 Qxg5 25. Qh7+ Kf8 26. Rf1 Qg7 27.
Qh5 Bd7 28. Nf4 Ke7 29. Ncxd5+ exd5 30. Nxd5+ Kf8 31. Nf6 Bb5 32. Qc5+ Nd6 33.
Qxd6+ Kf7 34. Nh5+ Bxf1 35. Qd7+ 1-0

[Event "Premier"]
[Site "Kirkland"]
[Date "2020.02.08"]
[Round "2"]
[White "Nguyen, Thanh Tien"]
[Black "Rupel, David"]
[Result "1-0"]
[WhiteElo "2070"]
[BlackElo "2058"]
[PlyCount "37"]
[EventDate "2020.??.??"]
[SourceDate "2020.06.27"]

1. e4 c6 2. d4 d5 3. Nd2 e6 4. Ngf3 dxe4 5. Nxe4 Be7 6. Bd3 Nf6 7. O-O Nxe4 8.
Bxe4 Nd7 9. Re1 Nf6 10. Bd3 b6 11. Ne5 Bb7 12. c3 O-O 13. Qf3 Qe8 14. Qh3 Kh8
15. Bg5 g6 16. Re3 Nd5 17. Bxe7 Nxe7 18. Qh4 f6 19. Rh3 1-0

[Event "Premier"]
[Site "Kirkland"]
[Date "2020.02.15"]
[Round "5"]
[White "Moroney, Timothy"]
[Black "Nguyen, Thanh Tien"]
[Result "1-0"]
[WhiteElo "2032"]
[BlackElo "2070"]
[PlyCount "61"]
[EventDate "2020.??.??"]
[SourceDate "2020.06.27"]

1. e4 d6 2. d4 Nf6 3. Nc3 g6 4. f4 Bg7 5. Nf3 O-O 6. Be3 Ng4 7. Bg1 e5 8. dxe5
Nc6 9. h3 Nh6 10. exd6 cxd6 11. Qd2 f5 12. Bc4+ Kh8 13. O-O-O Qa5 14. Nd4 fxe4
15. Nxc6 bxc6 16. Qxd6 Nf5 17. Qxc6 Bxc3 18. Qxa8 Bg7 19. Qxa7 Qb4 20. Bb3 e3
21. Bxe3 Be6 22. Rhe1 Rc8 23. Bd2 Bxb3 24. Re8+ Rxe8 25. Bxb4 Bg8 26. g4 Ng3
27. Rd7 Ne2+ 28. Kd2 Bf6 29. g5 Bxb2 30. c3 Nxf4 31. Qd4+ 1-0

[Event "Invitational"]
[Site "Kirkland"]
[Date "2020.02.08"]
[Round "2"]
[White "Vijayakumar, Advaith"]
[Black "Colasurdo, James"]
[Result "1-0"]
[WhiteElo "1996"]
[BlackElo "2028"]
[PlyCount "97"]
[EventDate "2020.??.??"]
[SourceDate "2020.06.27"]

1. d4 Nf6 2. c4 e6 3. Nf3 d5 4. Bg5 c6 5. e3 Nbd7 6. Bd3 Qa5+ 7. Nbd2 Bd6 8.
O-O O-O 9. e4 dxe4 10. Nxe4 Nxe4 11. Bxe4 h6 12. Bd2 Qc7 13. Bc3 e5 14. Re1
exd4 15. Qxd4 Nf6 16. Bc2 Rd8 17. Qh4 Be7 18. Be5 Qb6 19. Qf4 Ng4 20. Bd4 Bc5
21. Rad1 Bxd4 22. Rxd4 Be6 23. Rxe6 Rxd4 24. Nxd4 fxe6 25. Qxg4 Qxb2 26. g3 Re8
27. Nxe6 Qf6 28. Nf4 g5 29. Nh5 Qf7 30. c5 Kf8 31. Bb3 Qg6 32. Qf3+ Ke7 33. g4
Kd8 34. Ng3 Kc7 35. Nf5 Qf6 36. Qg3+ Qe5 37. Nxh6 Qxg3+ 38. hxg3 Re5 39. f4
Rxc5 40. Nf7 b5 41. Nxg5 Rc1+ 42. Kg2 c5 43. Bg8 Kd6 44. Ne4+ Ke7 45. f5 c4 46.
f6+ Kf8 47. f7 Rc2+ 48. Kf3 Rh2 49. Nf6 1-0

[Event "Invitational"]
[Site "Kirkland"]
[Date "2020.02.15"]
[Round "5"]
[White "Bishop, Alan"]
[Black "Lee, Brian"]
[Result "1-0"]
[WhiteElo "2000"]
[BlackElo "1849"]
[PlyCount "65"]
[EventDate "2020.??.??"]
[SourceDate "2020.06.27"]

1. e4 c5 2. Nf3 d6 3. d4 cxd4 4. Nxd4 Nf6 5. Nc3 a6 6. Be3 e6 7. f3 b5 8. Qd2
Bb7 9. g4 b4 10. Na4 d5 11. g5 Nfd7 12. exd5 Bxd5 13. Bg2 Ne5 14. b3 Nbc6 15.
O-O-O Nxd4 16. Qxd4 Nxf3 17. Qb2 Qe7 18. Nb6 Rd8 19. Nxd5 exd5 20. Bf4 Nxg5 21.
Bxd5 Rc8 22. Kb1 Ne6 23. Rhe1 Rg8 24. Bd6 Qf6 25. Be5 Qe7 26. Bd6 Qf6 27. Be5
Qe7 28. Re4 Qg5 29. Bb7 Rc5 30. Bf4 Qf6 31. Qc1 Be7 32. Qd2 Nxf4 33. Qd8# 1-0

[Event "Invitational"]
[Site "Kirkland"]
[Date "2020.02.15"]
[Round "6"]
[White "Min, Ryan"]
[Black "Beck, Alec"]
[Result "0-1"]
[WhiteElo "1898"]
[BlackElo "1916"]
[PlyCount "68"]
[EventDate "2020.??.??"]
[SourceDate "2020.06.27"]

1. d4 Nf6 2. c4 g6 3. Nc3 Bg7 4. e4 d6 5. Nf3 O-O 6. h3 e5 7. d5 a5 8. g4 Na6
9. Be3 Nd7 10. Be2 Ndc5 11. Qc2 f5 12. gxf5 gxf5 13. Bg5 Qe8 14. Rg1 Kh8 15.
Nd2 Qf7 16. O-O-O h6 17. Bh4 Nb4 18. Qb1 fxe4 19. a3 Nbd3+ 20. Kc2 Nf4 21. b4
axb4 22. axb4 Na4 23. Ndxe4 Nxc3 24. Nxc3 Bf5+ 25. Bd3 Nxd3 26. Rxd3 Bxd3+ 27.
Kxd3 e4+ 28. Kc2 Qf5 29. Kb3 Qe5 30. Rg3 Rf3 31. Rxf3 exf3 32. Qd3 Qf4 33. Bg3
Qc1 34. Na4 Qa1 0-1

[Event "Invitational"]
[Site "Kirkland"]
[Date "2020.02.16"]
[Round "7"]
[White "Beck, Alec"]
[Black "Liang, Yu-Cheng"]
[Result "0-1"]
[WhiteElo "1916"]
[BlackElo "1899"]
[PlyCount "84"]
[EventDate "2020.??.??"]
[SourceDate "2020.06.27"]

1. d4 d5 2. c4 Nc6 3. cxd5 Qxd5 4. Nf3 e5 5. Nc3 Bb4 6. dxe5 Qxd1+ 7. Kxd1 Bg4
8. e3 Nxe5 9. Be2 O-O-O+ 10. Kc2 Nxf3 11. Bxf3 Bxf3 12. gxf3 Ne7 13. a3 Bxc3
14. bxc3 Nc6 15. Rg1 g6 16. e4 Ne5 17. Bf4 Rhe8 18. Bg5 Nxf3 19. Bxd8 Nxg1 20.
Rxg1 Kxd8 21. f3 Re5 22. Rd1+ Ke7 23. Rb1 b6 24. Kd3 Ra5 25. Ra1 Rg5 26. Ra2 h5
27. Ke3 Ra5 28. f4 Ra4 29. Kd3 b5 30. f5 gxf5 31. exf5 Kf6 32. Kc2 c5 33. Kb3
Kxf5 34. Rf2+ Rf4 35. Rd2 Kg5 36. Rd5+ Rf5 37. h4+ Kg4 38. Rxf5 Kxf5 39. a4
bxa4+ 40. Kxa4 Ke4 41. Kb5 Kd5 42. c4+ Kd4 0-1

[Event "Invitational"]
[Site "Kirkland"]
[Date "2020.02.08"]
[Round "2"]
[White "Liang, Yu-Cheng"]
[Black "Yan, Jeffrey"]
[Result "0-1"]
[WhiteElo "1899"]
[BlackElo "1958"]
[PlyCount "144"]
[EventDate "2020.??.??"]
[SourceDate "2020.06.27"]

1. d4 Nf6 2. c4 e6 3. Nc3 Bb4 4. Qc2 O-O 5. Nf3 d5 6. cxd5 exd5 7. e3 Re8 8.
Be2 c5 9. dxc5 Ne4 10. O-O Bxc3 11. bxc3 Qa5 12. Bb2 Qxc5 13. Qd3 Bd7 14. Qd4
Nc6 15. Qxc5 Nxc5 16. Rad1 Be6 17. Nd4 Na5 18. Bb5 Rec8 19. Nxe6 fxe6 20. Rd4
a6 21. Be2 b5 22. Rc1 Na4 23. Ba1 Nc4 24. e4 Rc5 25. exd5 exd5 26. Rcd1 Ncb6
27. Bf3 Re8 28. Kf1 Nxc3 29. Bxc3 Rxc3 30. Bxd5+ Nxd5 31. Rxd5 Rc2 32. R5d2
Rec8 33. Ke1 a5 34. Rxc2 Rxc2 35. Rd2 Rc8 36. Ke2 Kf7 37. Ke3 Ke6 38. f3 Rc3+
39. Kf2 a4 40. f4 Rc5 41. g3 a3 42. Ke3 Rc1 43. Rd3 b4 44. Kd4 Rc2 45. Rb3 Rxh2
46. Rxb4 Rxa2 47. Ke4 Re2+ 48. Kf3 a2 49. Ra4 Rb2 50. Ra5 Kd6 51. Ke4 Kc6 52.
Kd4 Kb6 53. Ra3 Kb5 54. Kc3 Rg2 55. Kd4 Kb4 56. Ra8 Kb3 57. Rb8+ Kc2 58. Ra8
Kb1 59. Rb8+ Rb2 60. Re8 a1=Q 61. Re1+ Ka2 62. Rxa1+ Kxa1 63. g4 Rg2 64. g5 h5
65. gxh6 gxh6 66. f5 Rf2 67. Ke5 h5 68. f6 h4 69. Ke6 h3 70. f7 h2 71. Ke7
Rxf7+ 72. Kxf7 h1=Q 0-1

[Event "Challengers"]
[Site "Kirkland"]
[Date "2020.02.15"]
[Round "6"]
[White "Wang, Felicity"]
[Black "Polich, Duane"]
[Result "0-1"]
[WhiteElo "1639"]
[BlackElo "1861"]
[PlyCount "58"]
[EventDate "2020.??.??"]
[SourceDate "2020.06.27"]

1. e4 g6 2. d4 Bg7 3. f4 d6 4. Nf3 Nd7 5. Bd3 e5 6. c3 Qe7 7. O-O Ngf6 8. Qe2
Nh5 9. fxe5 dxe5 10. d5 O-O 11. c4 Nf4 12. Qd1 Nc5 13. Bc2 f5 14. Nc3 fxe4 15.
Nxe4 Nxe4 16. Bxe4 Qc5+ 17. Kh1 Qxc4 18. Bc2 Qe2 19. Qxe2 Nxe2 20. Re1 Nd4 21.
Nxd4 exd4 22. Bb3 Kh8 23. Bd2 Bf5 24. Re7 Bd3 25. Rxc7 Rf2 26. Rd1 Raf8 27.
Rcc1 Be4 28. Bb4 Rxg2 29. Re1 Rf1+ 0-1

[Event "Challengers"]
[Site "Kirkland"]
[Date "2020.02.16"]
[Round "7"]
[White "Matthews, Daniel M"]
[Black "Polich, Duane"]
[Result "1-0"]
[WhiteElo "1688"]
[BlackElo "1861"]
[PlyCount "45"]
[EventDate "2020.??.??"]
[SourceDate "2020.06.27"]

1. e4 g6 2. d4 d6 3. Be2 Bg7 4. Be3 c5 5. c3 cxd4 6. Bxd4 Nf6 7. Bf3 Nc6 8. Be3
O-O 9. Ne2 Ne5 10. Ng3 b6 11. Be2 Bb7 12. f3 Rc8 13. O-O Qd7 14. Nd2 h5 15. Bg5
Qc7 16. Bxf6 Bxf6 17. f4 Nd7 18. Bxh5 gxh5 19. Nxh5 Kh7 20. Qg4 Rh8 21. Rf3
Rcg8 22. Nxf6+ Nxf6 23. Rh3+ 1-0

[Event "Challengers"]
[Site "Kirkland"]
[Date "2020.02.09"]
[Round "3"]
[White "Velea, Stephanie"]
[Black "Polich, Duane"]
[Result "1-0"]
[WhiteElo "1699"]
[BlackElo "1861"]
[PlyCount "70"]
[EventDate "2020.??.??"]
[SourceDate "2020.06.27"]

1. e4 g6 2. d4 d6 3. Nc3 Bg7 4. Be3 Nd7 5. f3 e5 6. d5 Ngf6 7. g4 a6 8. Qd2 h6
9. h4 Ng8 10. h5 g5 11. O-O-O Bf8 12. Nge2 Ndf6 13. Kb1 Bd7 14. Ng3 Ne7 15. Rc1
Qb8 16. Nd1 c5 17. dxc6 bxc6 18. c4 c5 19. Nc3 Nc6 20. Nd5 Nxd5 21. exd5 Nd4
22. Bxd4 cxd4 23. Bd3 a5 24. Bf5 Qb7 25. Bxd7+ Qxd7 26. Nf5 Qa4 27. Rhe1 Kd7
28. Qe2 Rb8 29. c5 Qb5 30. Qh2 f6 31. cxd6 Qxd5 32. Rc7+ Kd8 33. Rec1 Bxd6 34.
Qc2 Qe6 35. Qc6 Rxb2+ {Time Forfeit} 1-0

[Event "Challengers"]
[Site "Kirkland"]
[Date "2020.02.09"]
[Round "3"]
[White "Bian, Erin"]
[Black "Li, Edward"]
[Result "1-0"]
[WhiteElo "1677"]
[BlackElo "1644"]
[PlyCount "67"]
[EventDate "2020.??.??"]
[SourceDate "2020.06.27"]

1. e4 e5 2. Nf3 Nc6 3. Bb5 a6 4. Ba4 d6 5. c3 Nf6 6. Bc2 Bg4 7. h3 Bh5 8. O-O
Be7 9. Re1 O-O 10. d3 Qd7 11. Nbd2 Rad8 12. Nf1 Rfe8 13. Ng3 Bg6 14. d4 exd4
15. cxd4 d5 16. e5 Ne4 17. Nxe4 dxe4 18. Bxe4 Nxd4 19. Nxd4 Bxe4 20. Rxe4 c5
21. Be3 cxd4 22. Rxd4 Qb5 23. Qg4 Qxb2 24. Rad1 Rxd4 25. Bxd4 Qc2 26. e6 f6 27.
Be3 Qg6 28. Qf3 Qc2 29. Qd5 Kf8 30. Rc1 Qe2 31. Qe4 Qxa2 32. Qxb7 Qxe6 33. Rc6
Qd5 34. Rxf6+ 1-0

[Event "Challengers"]
[Site "Kirkland"]
[Date "2020.02.08"]
[Round "1"]
[White "Wang, Felicity"]
[Black "Velea, Stephanie"]
[Result "1-0"]
[WhiteElo "1639"]
[BlackElo "1699"]
[PlyCount "129"]
[EventDate "2020.??.??"]
[SourceDate "2020.06.27"]

1. e4 c5 2. Nf3 d6 3. Bb5+ Nd7 4. c3 a6 5. Ba4 Ngf6 6. Qe2 e6 7. O-O Be7 8. d4
b5 9. Bc2 O-O 10. Re1 Re8 11. Nbd2 Qc7 12. Nf1 Nf8 13. Ng3 Bd7 14. h3 Reb8 15.
Nh2 b4 16. Be3 bxc3 17. bxc3 cxd4 18. cxd4 Rb2 19. Rec1 Rc8 20. Bd3 Qb8 21. Qf3
Rxc1+ 22. Bxc1 Rb4 23. Be3 Bb5 24. Qe2 Bxd3 25. Qxd3 Qb5 26. Qd2 Rb1+ 27. Rxb1
Qxb1+ 28. Nhf1 Nxe4 29. Nxe4 Qxe4 30. Qa5 Qb7 31. Nd2 Nd7 32. Nb3 Qb6 33. Qc3
Nf6 34. Qc8+ Bf8 35. d5 Qb4 36. dxe6 fxe6 37. Qxe6+ Kh8 38. Qc8 Kg8 39. Qxa6
Qe1+ 40. Kh2 d5 41. Qe6+ Kh8 42. Qc8 Qb4 43. Bc5 Qf4+ 44. g3 Qe4 45. Qxf8+ Ng8
46. Bd4 Qg6 47. a4 h5 48. a5 Kh7 49. Qxg7+ Qxg7 50. Bxg7 Kxg7 51. a6 Nf6 52. a7
Ne4 53. a8=Q Nc3 54. Qb7+ Kf6 55. Qc6+ Ke5 56. Qxc3+ d4 57. Qxd4+ Kf5 58. Qd5+
Kg6 59. Qe5 h4 60. Nd4 hxg3+ 61. Kxg3 Kf7 62. Qd6 Kg8 63. Qd7 Kf8 64. Ne6+ Kg8
65. Qg7# 1-0